[Event "World Cup 2017"]
[Site "Tbilisi"]
[Date "2017.09.07"]
[Round "10.1"]
[White "Carlsen Magnus (NOR)"]
[Black "Dreev Aleksey (RUS)"]
[Result "1-0"]
[BlackElo "2648"]
[WhiteElo "2827"]
[LiveChessVersion "1.4.8"]

1. e4 {[%clk 1:30:49]} c5 {[%clk 1:30:54]} 2. Nf3 {[%clk 1:31:03]} d6
{[%clk 1:31:17]} 3. Bb5+ {[%clk 1:31:24]} Nd7 {[%clk 1:31:35]} 4. a4
{[%clk 1:25:44]} Ngf6 {[%clk 1:28:37]} 5. Nc3 {[%clk 1:25:37]} g6
{[%clk 1:26:59]} 6. a5 {[%clk 1:23:40]} Bg7 {[%clk 1:22:16]} 7. a6
{[%clk 1:22:51]} O-O {[%clk 1:16:27]} 8. O-O {[%clk 1:22:28]} e6 {[%clk 1:14:40]}
9. d3 {[%clk 1:14:18]} Qb6 {[%clk 1:07:23]} 10. axb7 {[%clk 1:11:41]} Bxb7
{[%clk 1:07:43]} 11. Re1 {[%clk 1:11:14]} Rfd8 {[%clk 1:03:17]} 12. Ba4
{[%clk 1:02:11]} h6 {[%clk 1:02:39]} 13. h3 {[%clk 0:59:17]} d5 {[%clk 0:59:12]}
14. e5 {[%clk 0:56:44]} Nh7 {[%clk 0:55:12]} 15. Bxd7 {[%clk 0:56:12]} Rxd7
{[%clk 0:55:38]} 16. d4 {[%clk 0:56:23]} cxd4 {[%clk 0:54:16]} 17. Ne2
{[%clk 0:53:52]} d3 {[%clk 0:43:24]} 18. Qxd3 {[%clk 0:54:13]} d4
{[%clk 0:43:38]} 19. Nexd4 {[%clk 0:54:14]} g5 {[%clk 0:43:46]} 20. c3
{[%clk 0:48:10]} Nf8 {[%clk 0:43:41]} 21. Nh2 {[%clk 0:34:29]} Ng6
{[%clk 0:38:02]} 22. Qg3 {[%clk 0:34:52]} Nh4 {[%clk 0:31:02]} 23. Nhf3
{[%clk 0:33:18]} Nxf3+ {[%clk 0:11:49]} 24. Nxf3 {[%clk 0:32:11]} Rd3
{[%clk 0:12:03]} 25. h4 {[%clk 0:30:51]} gxh4 {[%clk 0:05:19]} 26. Qxh4
{[%clk 0:31:06]} Bxf3 {[%clk 0:05:35]} 27. gxf3 {[%clk 0:31:34]} Rxf3
{[%clk 0:05:34]} 28. Bxh6 {[%clk 0:30:18]} f5 {[%clk 0:02:00]} 29. Bxg7
{[%clk 0:27:44]} Kxg7 {[%clk 0:02:17]} 30. Kh1 {[%clk 0:24:43]} 1-0

[Event "World Cup 2017"]
[Site "Tbilisi"]
[Date "2017.09.07"]
[Round "10.2"]
[White "Bluebaum Matthias (GER)"]
[Black "So Wesley (USA)"]
[Result "1/2-1/2"]
[BlackElo "2792"]
[WhiteElo "2633"]
[LiveChessVersion "1.4.8"]

1. d4 {[%clk 1:30:56]} Nf6 {[%clk 1:30:45]} 2. c4 {[%clk 1:31:19]} e6
{[%clk 1:31:10]} 3. Nf3 {[%clk 1:31:27]} d5 {[%clk 1:31:34]} 4. Nc3
{[%clk 1:31:26]} c5 {[%clk 1:31:45]} 5. cxd5 {[%clk 1:30:09]} cxd4
{[%clk 1:32:00]} 6. Qxd4 {[%clk 1:28:47]} exd5 {[%clk 1:32:23]} 7. e4
{[%clk 1:27:59]} Nc6 {[%clk 1:32:44]} 8. Bb5 {[%clk 1:27:17]} dxe4
{[%clk 1:33:06]} 9. Qxd8+ {[%clk 1:26:26]} Kxd8 {[%clk 1:33:29]} 10. Ng5
{[%clk 1:26:43]} Be6 {[%clk 1:33:53]} 11. O-O {[%clk 1:19:21]} Bb4
{[%clk 1:34:13]} 12. Ncxe4 {[%clk 1:17:54]} Nxe4 {[%clk 1:34:36]} 13. Nxe4
{[%clk 1:18:20]} Ke7 {[%clk 1:34:59]} 14. Be3 {[%clk 1:18:08]} Rhd8
{[%clk 1:35:22]} 15. Nc5 {[%clk 1:09:53]} Nd4 {[%clk 1:33:10]} 16. Nxe6
{[%clk 1:07:40]} 1/2-1/2

[Event "World Cup 2017"]
[Site "Tbilisi"]
[Date "2017.09.07"]
[Round "10.3"]
[White "Caruana Fabiano (USA)"]
[Black "Lenic Luka (SLO)"]
[Result "1/2-1/2"]
[BlackElo "2646"]
[WhiteElo "2799"]
[LiveChessVersion "1.4.8"]

1. e4 {[%clk 1:30:57]} c5 {[%clk 1:30:56]} 2. Nf3 {[%clk 1:31:23]} Nc6
{[%clk 1:31:21]} 3. Bb5 {[%clk 1:31:48]} e6 {[%clk 1:31:44]} 4. O-O
{[%clk 1:32:08]} Nge7 {[%clk 1:32:09]} 5. d4 {[%clk 1:32:29]} cxd4
{[%clk 1:32:33]} 6. Nxd4 {[%clk 1:32:56]} Qb6 {[%clk 1:32:46]} 7. Nxc6
{[%clk 1:33:02]} dxc6 {[%clk 1:33:08]} 8. Bc4 {[%clk 1:28:59]} Ng6
{[%clk 1:33:17]} 9. Nd2 {[%clk 1:28:24]} Qc7 {[%clk 1:25:49]} 10. a4
{[%clk 1:23:15]} Bd6 {[%clk 1:14:01]} 11. Nf3 {[%clk 1:12:19]} O-O
{[%clk 1:12:35]} 12. h3 b6 {[%clk 1:10:05]} 13. Qe2 {[%clk 1:07:17]} a6
{[%clk 1:03:48]} 14. Re1 {[%clk 1:01:00]} Ne5 {[%clk 1:02:26]} 15. Nxe5
{[%clk 1:00:02]} Bxe5 {[%clk 1:02:53]} 16. c3 {[%clk 0:58:18]} Bb7
{[%clk 1:02:58]} 17. Be3 {[%clk 0:58:43]} c5 18. Qg4 {[%clk 0:57:04]} Kh8
{[%clk 0:52:32]} 19. Bd3 Qc6 {[%clk 0:44:47]} 20. Bf4 {[%clk 0:46:44]} Bxf4
{[%clk 0:40:21]} 21. Qxf4 {[%clk 0:47:06]} Rad8 {[%clk 0:40:37]} 22. Qe3
{[%clk 0:41:54]} Rd7 {[%clk 0:35:36]} 23. Qe2 {[%clk 0:40:00]} Qc8 24. Qf1
{[%clk 0:31:23]} Rfd8 {[%clk 0:28:19]} 25. Re3 {[%clk 0:31:23]} a5 26. b3
{[%clk 0:28:43]} Bc6 {[%clk 0:21:01]} 27. Qe2 {[%clk 0:26:11]} e5
{[%clk 0:18:04]} 28. Rf1 {[%clk 0:22:10]} Qc7 {[%clk 0:17:26]} 29. h4
{[%clk 0:18:21]} Rd6 {[%clk 0:16:47]} 30. h5 {[%clk 0:18:45]} Bd7
{[%clk 0:14:34]} 31. Bc4 {[%clk 0:17:25]} Be6 {[%clk 0:14:51]} 32. h6
{[%clk 0:15:29]} gxh6 {[%clk 0:14:45]} 33. Bxe6 {[%clk 0:14:25]} Rxe6
{[%clk 0:15:13]} 34. Rf3 {[%clk 0:12:24]} Qe7 {[%clk 0:14:04]} 35. Rd1
{[%clk 0:11:22]} 1/2-1/2

[Event "World Cup 2017"]
[Site "Tbilisi"]
[Date "2017.09.07"]
[Round "10.5"]
[White "Aronian Levon (ARM)"]
[Black "Hou Yifan (CHN)"]
[Result "1/2-1/2"]
[BlackElo "2670"]
[WhiteElo "2802"]
[LiveChessVersion "1.4.8"]

1. d4 {[%clk 1:30:57]} Nf6 {[%clk 1:30:54]} 2. c4 {[%clk 1:31:21]} e6
{[%clk 1:31:20]} 3. Nf3 {[%clk 1:31:47]} d5 {[%clk 1:31:45]} 4. g3
{[%clk 1:32:13]} Be7 {[%clk 1:32:08]} 5. Bg2 {[%clk 1:32:39]} O-O
{[%clk 1:32:31]} 6. O-O {[%clk 1:33:04]} dxc4 {[%clk 1:32:57]} 7. Qc2
{[%clk 1:33:31]} b6 {[%clk 1:32:43]} 8. Rd1 {[%clk 1:25:15]} Bb7 {[%clk 1:31:59]}
9. Qxc4 {[%clk 1:25:35]} c5 {[%clk 1:28:06]} 10. Nc3 {[%clk 1:25:22]} Nbd7
{[%clk 1:28:30]} 11. Bg5 {[%clk 1:23:17]} cxd4 {[%clk 1:09:04]} 12. Rxd4
{[%clk 1:16:52]} h6 {[%clk 1:00:19]} 13. Bxf6 {[%clk 1:09:05]} Bxf6
{[%clk 1:00:43]} 14. Rd2 {[%clk 1:03:01]} Rc8 {[%clk 0:51:49]} 15. Qa4
{[%clk 1:00:43]} Bc6 {[%clk 0:45:24]} 16. Qb4 {[%clk 0:58:30]} Bxf3
{[%clk 0:41:41]} 17. exf3 {[%clk 0:58:51]} Bxc3 {[%clk 0:41:46]} 18. bxc3
{[%clk 0:59:16]} Qc7 {[%clk 0:42:13]} 19. f4 {[%clk 0:59:41]} Nf6
{[%clk 0:40:49]} 20. Rd3 {[%clk 0:59:23]} Qc4 {[%clk 0:32:19]} 21. Bf1
{[%clk 0:57:43]} Qc5 {[%clk 0:28:53]} 22. Bg2 {[%clk 0:57:56]} Qc4
{[%clk 0:22:32]} 23. Bf1 {[%clk 0:58:15]} Qc7 {[%clk 0:22:58]} 24. Bg2
{[%clk 0:58:20]} Rfd8 {[%clk 0:23:23]} 25. Rad1 {[%clk 0:58:09]} Rxd3
{[%clk 0:23:46]} 26. Rxd3 {[%clk 0:58:35]} Rd8 {[%clk 0:22:22]} 27. Rd4
{[%clk 0:56:19]} Rxd4 {[%clk 0:19:12]} 28. Qxd4 {[%clk 0:56:40]} Qd7
{[%clk 0:16:52]} 29. Qxd7 {[%clk 0:53:23]} Nxd7 {[%clk 0:17:17]} 30. Kf1
{[%clk 0:53:47]} Kf8 {[%clk 0:17:42]} 31. Ke2 {[%clk 0:54:13]} Ke7
{[%clk 0:18:08]} 32. Kd3 {[%clk 0:54:25]} Kd6 {[%clk 0:18:14]} 33. Kd4
{[%clk 0:54:12]} Nc5 {[%clk 0:15:11]} 34. Bf1 {[%clk 0:53:57]} Nd7
{[%clk 0:13:59]} 1/2-1/2

[Event "World Cup 2017"]
[Site "Tbilisi"]
[Date "2017.09.07"]
[Round "10.9"]
[White "Grischuk Alexander (RUS)"]
[Black "Cori Jorge (PER)"]
[Result "1/2-1/2"]
[BlackElo "2648"]
[WhiteElo "2788"]
[LiveChessVersion "1.4.8"]

1. e4 {[%clk 1:30:50]} c5 {[%clk 1:30:54]} 2. Nf3 {[%clk 1:31:14]} Nc6
{[%clk 1:31:18]} 3. d4 {[%clk 1:30:10]} cxd4 {[%clk 1:31:41]} 4. Nxd4
{[%clk 1:30:36]} e6 {[%clk 1:31:57]} 5. Nc3 {[%clk 1:30:41]} Qc7 {[%clk 1:32:16]}
6. Be3 {[%clk 1:30:30]} a6 {[%clk 1:32:39]} 7. Qd2 {[%clk 1:30:20]} Nf6
{[%clk 1:32:07]} 8. O-O-O {[%clk 1:30:07]} Be7 {[%clk 1:27:40]} 9. f3
{[%clk 1:30:09]} h5 {[%clk 1:28:03]} 10. Nxc6 {[%clk 1:23:02]} bxc6
{[%clk 1:25:53]} 11. Bf4 {[%clk 1:23:09]} e5 {[%clk 1:26:12]} 12. Bg5
{[%clk 1:23:35]} a5 {[%clk 1:24:11]} 13. Bc4 {[%clk 1:18:11]} a4 {[%clk 1:24:21]}
14. a3 {[%clk 1:16:50]} d6 {[%clk 1:15:59]} 15. f4 {[%clk 0:57:34]} O-O
{[%clk 1:15:07]} 16. Rhf1 {[%clk 0:45:42]} Bg4 {[%clk 0:30:01]} 17. Rde1
{[%clk 0:44:17]} Rfd8 {[%clk 0:30:26]} 18. Qe3 {[%clk 0:18:56]} Rab8
{[%clk 0:19:03]} 19. fxe5 {[%clk 0:09:05]} dxe5 {[%clk 0:19:20]} 20. Bxf6
{[%clk 0:07:57]} Bxf6 {[%clk 0:18:30]} 21. h3 {[%clk 0:07:39]} Rd4
{[%clk 0:16:40]} 22. hxg4 {[%clk 0:08:01]} Rxc4 {[%clk 0:13:51]} 23. gxh5
{[%clk 0:08:25]} Be7 {[%clk 0:03:15]} 24. Rf3 {[%clk 0:04:50]} Rd4
{[%clk 0:02:15]} 25. Nd1 {[%clk 0:04:04]} Qb6 {[%clk 0:01:20]} 26. h6
{[%clk 0:02:52]} Qd8 {[%clk 0:00:57]} 27. Rg3 {[%clk 0:02:21]} g6
{[%clk 0:01:26]} 28. Rf1 {[%clk 0:02:19]} Rb7 {[%clk 0:01:24]} 29. Nf2
{[%clk 0:01:03]} Bh4 {[%clk 0:00:53]} 30. Rg4 {[%clk 0:01:08]} Bxf2
{[%clk 0:01:04]} 31. Qxf2 {[%clk 0:01:29]} Rbd7 {[%clk 0:01:18]} 32. Qf3
{[%clk 0:00:51]} Kh7 {[%clk 0:01:15]} 33. Kb1 {[%clk 0:00:56]} Qe7
{[%clk 0:00:37]} 34. Rg3 {[%clk 0:00:44]} Qh4 {[%clk 0:00:35]} 35. Rg4
{[%clk 0:00:40]} Qe7 {[%clk 0:00:54]} 36. Rg3 {[%clk 0:01:09]} Qd6
{[%clk 0:00:39]} 37. Rc1 {[%clk 0:00:57]} Rd1 {[%clk 0:00:39]} 38. Qe2
{[%clk 0:00:45]} Rd2 {[%clk 0:00:37]} 39. Qa6 {[%clk 0:00:37]} Rd4
{[%clk 0:00:42]} 40. Rc3 {[%clk 0:30:57]} Rc7 {[%clk 0:30:35]} 41. Rd3
{[%clk 0:21:21]} Qc5 {[%clk 0:25:42]} 42. Rc3 {[%clk 0:18:58]} Qd6
{[%clk 0:26:06]} 43. Rd3 {[%clk 0:19:08]} Qc5 {[%clk 0:26:12]} 44. Rc3
{[%clk 0:08:32]} Qd6 {[%clk 0:26:27]} 1/2-1/2

[Event "World Cup 2017"]
[Site "Tbilisi"]
[Date "2017.09.07"]
[Round "10.13"]
[White "Giri Anish (NED)"]
[Black "Motylev Alexander (RUS)"]
[Result "1/2-1/2"]
[BlackElo "2668"]
[WhiteElo "2777"]
[LiveChessVersion "1.4.8"]

1. e4 {[%clk 1:30:57]} e5 {[%clk 1:30:47]} 2. Nf3 {[%clk 1:31:00]} Nf6
{[%clk 1:31:01]} 3. Nxe5 {[%clk 1:30:39]} d6 {[%clk 1:31:24]} 4. Nf3
{[%clk 1:31:06]} Nxe4 {[%clk 1:31:48]} 5. Nc3 {[%clk 1:31:33]} Nxc3
{[%clk 1:32:00]} 6. dxc3 {[%clk 1:31:59]} Be7 {[%clk 1:32:18]} 7. Be3
{[%clk 1:32:05]} O-O {[%clk 1:32:33]} 8. Qd2 {[%clk 1:29:06]} Nd7
{[%clk 1:32:27]} 9. O-O-O {[%clk 1:28:59]} Nf6 {[%clk 1:32:48]} 10. Bd3
{[%clk 1:19:15]} c5 {[%clk 1:32:48]} 11. Rhe1 {[%clk 1:17:39]} Be6
{[%clk 1:32:08]} 12. Bg5 {[%clk 1:13:23]} Qa5 {[%clk 0:51:51]} 13. a3
{[%clk 1:12:45]} Rfe8 {[%clk 0:51:47]} 14. Bxf6 {[%clk 1:01:45]} Bxf6
{[%clk 0:51:49]} 15. Ng5 {[%clk 1:02:02]} Bxg5 {[%clk 0:41:49]} 16. Qxg5
{[%clk 1:01:12]} h6 {[%clk 0:39:48]} 17. Qf4 {[%clk 0:59:00]} d5 {[%clk 0:39:20]}
18. g4 {[%clk 0:56:39]} Qd8 {[%clk 0:33:49]} 19. Be2 {[%clk 0:29:22]} Qg5
{[%clk 0:21:50]} 20. Qxg5 {[%clk 0:29:26]} hxg5 {[%clk 0:22:15]} 21. Bf3
{[%clk 0:29:51]} Kf8 {[%clk 0:22:36]} 22. Bxd5 {[%clk 0:24:07]} Bxg4
{[%clk 0:21:48]} 23. Rxe8+ {[%clk 0:22:49]} Rxe8 {[%clk 0:21:25]} 24. Rg1
{[%clk 0:23:16]} Bf5 {[%clk 0:13:49]} 25. Rxg5 {[%clk 0:21:59]} g6
{[%clk 0:13:06]} 26. Bc4 {[%clk 0:07:05]} Re1+ {[%clk 0:09:32]} 27. Kd2
{[%clk 0:07:27]} Rh1 {[%clk 0:09:55]} 28. Bd3 {[%clk 0:06:09]} Rxh2
{[%clk 0:08:40]} 29. Ke3 {[%clk 0:06:27]} Rh3+ {[%clk 0:06:05]} 30. f3
{[%clk 0:06:24]} Bxd3 {[%clk 0:05:42]} 31. cxd3 {[%clk 0:06:50]} b6
{[%clk 0:04:06]} 32. b4 {[%clk 0:07:05]} cxb4 {[%clk 0:02:21]} 33. axb4
{[%clk 0:07:28]} Ke7 {[%clk 0:02:47]} 34. b5 {[%clk 0:04:28]} Rh1
{[%clk 0:03:00]} 35. c4 {[%clk 0:04:19]} Re1+ {[%clk 0:03:03]} 36. Kf4
{[%clk 0:04:19]} Ke6 {[%clk 0:02:35]} 37. Rg2 {[%clk 0:02:08]} Ra1
{[%clk 0:02:51]} 38. Re2+ {[%clk 0:01:39]} Kd6 {[%clk 0:02:45]} 39. Kg5
{[%clk 0:00:41]} a6 {[%clk 0:02:15]} 40. bxa6 {[%clk 0:30:46]} Rxa6
{[%clk 0:32:35]} 41. Kf6 {[%clk 0:30:09]} Ra5 {[%clk 0:31:32]} 42. Kxf7
{[%clk 0:30:15]} Rf5+ {[%clk 0:31:51]} 43. Kxg6 {[%clk 0:30:43]} Rxf3
{[%clk 0:32:16]} 44. d4 {[%clk 0:31:06]} Rc3 {[%clk 0:31:20]} 45. c5+
{[%clk 0:31:28]} bxc5 {[%clk 0:31:44]} 46. dxc5+ {[%clk 0:31:56]} Rxc5
{[%clk 0:32:05]} 1/2-1/2

[Event "World Cup 2017"]
[Site "Tbilisi"]
[Date "2017.09.07"]
[Round "10.15"]
[White "Nepomniachtchi Ian (RUS)"]
[Black "Adhiban B. (IND)"]
[Result "1/2-1/2"]
[BlackElo "2670"]
[WhiteElo "2741"]
[LiveChessVersion "1.4.8"]

1. c4 {[%clk 1:30:59]} Nf6 {[%clk 1:30:55]} 2. Nc3 {[%clk 1:31:24]} g6
{[%clk 1:31:20]} 3. e4 {[%clk 1:31:49]} e5 {[%clk 1:27:21]} 4. Nf3
{[%clk 1:31:43]} Nc6 {[%clk 1:19:08]} 5. d4 {[%clk 1:31:31]} exd4
{[%clk 1:16:23]} 6. Nxd4 {[%clk 1:31:31]} Bg7 {[%clk 1:16:25]} 7. Nxc6
{[%clk 1:24:20]} dxc6 {[%clk 1:09:21]} 8. Qxd8+ {[%clk 1:24:14]} Kxd8
{[%clk 1:09:50]} 9. Bf4 {[%clk 1:22:32]} Be6 {[%clk 1:05:43]} 10. O-O-O+
{[%clk 1:22:53]} Nd7 {[%clk 1:03:56]} 11. Be2 {[%clk 1:22:31]} Bxc3
{[%clk 0:58:06]} 12. bxc3 {[%clk 1:22:54]} Kc8 {[%clk 0:57:48]} 13. Rd2
{[%clk 1:21:57]} a5 {[%clk 0:53:53]} 14. Be3 {[%clk 1:16:45]} h5 {[%clk 0:44:48]}
15. Rhd1 {[%clk 1:16:32]} a4 {[%clk 0:45:00]} 16. f4 {[%clk 1:16:35]} Ra5
{[%clk 0:44:32]} 17. h3 {[%clk 1:15:42]} c5 {[%clk 0:36:20]} 18. g4
{[%clk 1:14:51]} hxg4 {[%clk 0:34:19]} 19. hxg4 {[%clk 1:15:14]} Nb6
{[%clk 0:34:07]} 20. f5 {[%clk 1:15:04]} Nxc4 {[%clk 0:20:48]} 21. Bxc4
{[%clk 0:55:50]} Bxc4 {[%clk 0:20:55]} 22. Bf4 {[%clk 0:55:23]} Ra6
{[%clk 0:19:35]} 23. Rd7 {[%clk 0:54:42]} Rc6 {[%clk 0:20:02]} 24. Re7
{[%clk 0:53:37]} Rd8 {[%clk 0:19:33]} 25. fxg6 {[%clk 0:52:16]} Rxd1+
{[%clk 0:17:31]} 26. Kxd1 {[%clk 0:52:39]} fxg6 {[%clk 0:17:55]} 27. a3
{[%clk 0:50:41]} b5 {[%clk 0:18:21]} 28. Kd2 {[%clk 0:50:06]} Kb7
{[%clk 0:15:38]} 29. g5 {[%clk 0:50:12]} b4 {[%clk 0:13:13]} 30. cxb4
{[%clk 0:49:10]} cxb4 {[%clk 0:13:42]} 31. axb4 {[%clk 0:49:34]} a3
{[%clk 0:14:10]} 32. Re5 {[%clk 0:49:52]} a2 {[%clk 0:08:54]} 33. Ra5
{[%clk 0:50:13]} Bb3 {[%clk 0:09:22]} 34. Kd3 {[%clk 0:45:54]} Bc2+
{[%clk 0:09:43]} 35. Ke3 {[%clk 0:30:18]} Bb1 {[%clk 0:10:07]} 36. Be5
{[%clk 0:30:26]} Rc4 {[%clk 0:08:21]} 37. Bd4 {[%clk 0:28:49]} Rxb4
{[%clk 0:08:46]} 38. e5 {[%clk 0:29:03]} Rb3+ {[%clk 0:09:12]} 39. Kf4
{[%clk 0:29:11]} Rb4 {[%clk 0:09:35]} 40. Ke3 {[%clk 0:59:38]} Rb3+
{[%clk 0:37:47]} 41. Kf4 {[%clk 0:57:47]} Rh3 {[%clk 0:31:50]} 42. Bf2
{[%clk 0:53:18]} Rh8 {[%clk 0:31:38]} 43. Bc5 {[%clk 0:51:53]} Rh4+
{[%clk 0:30:49]} 44. Kf3 {[%clk 0:52:18]} Rh3+ {[%clk 0:27:16]} 45. Kf4
{[%clk 0:50:14]} Rh4+ {[%clk 0:23:24]} 46. Kf3 {[%clk 0:49:47]} Rh1
{[%clk 0:23:28]} 47. e6 {[%clk 0:46:27]} Re1 {[%clk 0:19:14]} 48. Be3
{[%clk 0:44:49]} Rf1+ {[%clk 0:16:58]} 49. Bf2 {[%clk 0:39:47]} Be4+
{[%clk 0:16:54]} 50. Kxe4 {[%clk 0:39:01]} Rxf2 {[%clk 0:17:20]} 51. Kd3
{[%clk 0:38:42]} Rf5 {[%clk 0:13:59]} 52. Rxa2 {[%clk 0:39:08]} Re5
{[%clk 0:14:25]} 53. Rf2 {[%clk 0:39:34]} Rxe6 {[%clk 0:12:36]} 54. Rf6
{[%clk 0:39:22]} Rb6 {[%clk 0:08:14]} 55. Ke4 {[%clk 0:38:43]} Kc8
{[%clk 0:08:34]} 56. Ke5 {[%clk 0:38:57]} Rb5+ {[%clk 0:08:08]} 57. Kf4
{[%clk 0:39:21]} Rb6 {[%clk 0:08:21]} 58. Ke5 {[%clk 0:39:50]} Kd7
{[%clk 0:07:27]} 59. Rxb6 {[%clk 0:40:13]} cxb6 {[%clk 0:07:55]} 60. Kf6
{[%clk 0:40:42]} b5 {[%clk 0:08:21]} 61. Kxg6 {[%clk 0:41:02]} b4
{[%clk 0:08:44]} 62. Kf7 {[%clk 0:41:25]} b3 {[%clk 0:09:12]} 63. g6
{[%clk 0:41:49]} b2 {[%clk 0:09:40]} 1/2-1/2

[Event "World Cup 2017"]
[Site "Tbilisi"]
[Date "2017.09.07"]
[Round "10.16"]
[White "Erdos Viktor (HUN)"]
[Black "Svidler Peter (RUS)"]
[Result "1/2-1/2"]
[BlackElo "2756"]
[WhiteElo "2619"]
[LiveChessVersion "1.4.8"]

1. d4 {[%clk 1:30:43]} Nf6 {[%clk 1:30:53]} 2. c4 {[%clk 1:31:07]} g6
{[%clk 1:31:18]} 3. Nc3 {[%clk 1:31:30]} d5 {[%clk 1:31:45]} 4. Nf3
{[%clk 1:31:44]} Bg7 {[%clk 1:32:08]} 5. cxd5 {[%clk 1:32:10]} Nxd5
{[%clk 1:32:34]} 6. e4 {[%clk 1:32:35]} Nxc3 {[%clk 1:32:59]} 7. bxc3
{[%clk 1:33:01]} c5 {[%clk 1:33:23]} 8. Rb1 {[%clk 1:33:21]} O-O {[%clk 1:33:31]}
9. Be2 {[%clk 1:33:44]} cxd4 {[%clk 1:20:49]} 10. cxd4 {[%clk 1:33:53]} Qa5+
{[%clk 1:21:15]} 11. Qd2 {[%clk 1:34:17]} Qxd2+ {[%clk 1:21:09]} 1/2-1/2

[Event "World Cup 2017"]
[Site "Tbilisi"]
[Date "2017.09.07"]
[Round "10.17"]
[White "Wojtaszek Radoslaw (POL)"]
[Black "Onischuk Alexander (USA)"]
[Result "1/2-1/2"]
[BlackElo "2682"]
[WhiteElo "2739"]
[LiveChessVersion "1.4.8"]

1. d4 {[%clk 1:30:57]} Nf6 {[%clk 1:30:04]} 2. c4 {[%clk 1:31:23]} e6
{[%clk 1:30:28]} 3. Nc3 {[%clk 1:31:49]} d5 {[%clk 1:30:26]} 4. cxd5
{[%clk 1:32:14]} exd5 {[%clk 1:30:44]} 5. Bg5 {[%clk 1:32:38]} c6
{[%clk 1:31:02]} 6. e3 {[%clk 1:33:03]} Be7 {[%clk 1:31:00]} 7. Bd3
{[%clk 1:33:23]} Nbd7 {[%clk 1:30:38]} 8. Qc2 {[%clk 1:33:06]} Nh5
{[%clk 1:29:15]} 9. Bxe7 {[%clk 1:33:23]} Qxe7 {[%clk 1:29:41]} 10. O-O-O
{[%clk 1:33:43]} Nb6 {[%clk 1:26:20]} 11. h3 {[%clk 1:33:58]} Be6
{[%clk 1:23:49]} 12. Nge2 {[%clk 1:33:57]} O-O-O {[%clk 1:20:53]} 13. Kb1
{[%clk 1:34:19]} Kb8 {[%clk 1:20:35]} 14. a4 {[%clk 1:31:52]} Qb4
{[%clk 1:15:47]} 15. Nc1 {[%clk 1:29:25]} Nc4 {[%clk 1:09:19]} 16. Ka1
{[%clk 1:26:15]} Nf6 {[%clk 1:06:41]} 17. N3a2 {[%clk 1:18:40]} Qe7
{[%clk 1:03:56]} 18. e4 {[%clk 0:56:37]} g6 {[%clk 0:55:38]} 19. Rhe1
{[%clk 0:48:49]} Rhe8 {[%clk 0:51:03]} 20. f4 {[%clk 0:46:08]} Qc7
{[%clk 0:45:14]} 21. e5 {[%clk 0:43:13]} Nh5 {[%clk 0:42:19]} 22. Qf2
{[%clk 0:43:15]} f5 {[%clk 0:39:15]} 23. Nb3 {[%clk 0:43:12]} Ng7
{[%clk 0:37:11]} 24. Rc1 {[%clk 0:42:22]} Bg8 {[%clk 0:36:17]} 25. Nc5
{[%clk 0:40:48]} Ne6 {[%clk 0:34:26]} 26. Nxe6 {[%clk 0:40:44]} Bxe6
{[%clk 0:34:21]} 27. b3 {[%clk 0:34:39]} Na5 {[%clk 0:33:21]} 28. Rc3
{[%clk 0:35:02]} Qe7 {[%clk 0:24:07]} 29. Rb1 {[%clk 0:32:05]} Rc8
{[%clk 0:23:09]} 30. Qd2 {[%clk 0:28:55]} c5 {[%clk 0:18:41]} 31. Bb5
{[%clk 0:25:43]} c4 {[%clk 0:17:19]} 32. bxc4 {[%clk 0:25:44]} Nxc4
{[%clk 0:13:58]} 33. Bxc4 {[%clk 0:25:38]} dxc4 {[%clk 0:13:20]} 34. d5
{[%clk 0:23:03]} Qd7 {[%clk 0:10:29]} 35. d6 {[%clk 0:22:49]} Rc5
{[%clk 0:10:02]} 36. Ra3 {[%clk 0:20:41]} Rd5 {[%clk 0:08:40]} 37. Qb4
{[%clk 0:19:55]} Rc8 {[%clk 0:07:32]} 38. Nc3 {[%clk 0:20:18]} Rd3
{[%clk 0:06:29]} 39. Ra2 {[%clk 0:14:36]} Qc6 {[%clk 0:02:57]} 40. Rab2
{[%clk 0:42:55]} b6 {[%clk 0:31:14]} 41. a5 {[%clk 0:29:25]} Qc5 {[%clk 0:27:50]}
42. axb6 {[%clk 0:25:14]} Qxb4 {[%clk 0:24:36]} 43. bxa7+ {[%clk 0:25:40]} Ka8
{[%clk 0:23:46]} 44. Rxb4 {[%clk 0:26:06]} Rxc3 {[%clk 0:23:56]} 45. d7
{[%clk 0:23:18]} Bxd7 {[%clk 0:21:39]} 46. Rb8+ {[%clk 0:23:43]} Kxa7
{[%clk 0:22:05]} 47. R8b7+ {[%clk 0:24:09]} Ka6 {[%clk 0:21:49]} 48. Rxd7
{[%clk 0:24:35]} Rc5 {[%clk 0:16:05]} 49. Rd6+ {[%clk 0:19:50]} Ka7
{[%clk 0:14:23]} 50. Rd7+ {[%clk 0:12:44]} Ka6 {[%clk 0:14:44]} 51. Rd6+
{[%clk 0:13:11]} Ka7 {[%clk 0:15:08]} 52. Rd7+ {[%clk 0:13:38]} 1/2-1/2

[Event "World Cup 2017"]
[Site "Tbilisi"]
[Date "2017.09.07"]
[Round "10.18"]
[White "Jobava Baadur (GEO)"]
[Black "Yu Yangyi (CHN)"]
[Result "1/2-1/2"]
[BlackElo "2750"]
[WhiteElo "2702"]
[LiveChessVersion "1.4.8"]

1. b3 {[%clk 1:30:41]} e5 {[%clk 1:30:23]} 2. Bb2 {[%clk 1:31:04]} Nc6
{[%clk 1:30:44]} 3. e3 {[%clk 1:31:28]} Nf6 {[%clk 1:30:55]} 4. Bb5
{[%clk 1:31:51]} Bd6 {[%clk 1:30:57]} 5. Ne2 {[%clk 1:32:04]} O-O
{[%clk 1:30:58]} 6. Na3 {[%clk 1:25:57]} e4 {[%clk 1:29:37]} 7. Nc4
{[%clk 1:26:17]} Be7 {[%clk 1:29:58]} 8. Bxc6 {[%clk 1:26:21]} bxc6
{[%clk 1:30:19]} 9. O-O {[%clk 1:26:12]} a5 {[%clk 1:30:15]} 10. d3
{[%clk 1:23:05]} d5 {[%clk 1:22:50]} 11. Nd2 {[%clk 1:21:25]} a4 {[%clk 1:20:56]}
12. dxe4 {[%clk 1:21:02]} Nxe4 {[%clk 1:20:45]} 13. Nxe4 {[%clk 1:21:03]} dxe4
{[%clk 1:21:08]} 14. h3 {[%clk 1:15:01]} Ra5 {[%clk 1:05:44]} 15. Qd4
{[%clk 1:12:52]} Qxd4 {[%clk 1:04:06]} 16. Nxd4 {[%clk 1:13:03]} Bd7
{[%clk 1:03:56]} 17. Rfd1 {[%clk 1:12:37]} Rfa8 {[%clk 0:59:23]} 18. Ne2
{[%clk 1:06:56]} Be8 {[%clk 0:56:53]} 19. Bc3 {[%clk 1:03:24]} Rd5
{[%clk 0:51:26]} 20. Bd4 {[%clk 0:47:35]} Rda5 {[%clk 0:47:56]} 21. Rab1
{[%clk 0:35:50]} axb3 {[%clk 0:46:23]} 22. axb3 {[%clk 0:34:49]} f5
{[%clk 0:42:01]} 23. b4 {[%clk 0:30:00]} Rb5 {[%clk 0:36:40]} 24. Bc3
{[%clk 0:29:16]} c5 {[%clk 0:31:59]} 25. bxc5 {[%clk 0:29:23]} Rxb1
{[%clk 0:32:04]} 26. Rxb1 {[%clk 0:29:50]} Bxc5 {[%clk 0:32:23]} 27. Be5
{[%clk 0:29:58]} Bb6 {[%clk 0:27:17]} 28. Bd4 {[%clk 0:29:36]} Ra6
{[%clk 0:25:58]} 29. Bxb6 {[%clk 0:25:03]} Rxb6 {[%clk 0:26:11]} 30. Ra1
{[%clk 0:25:19]} Rc6 {[%clk 0:18:29]} 31. Nd4 {[%clk 0:24:20]} Rc5
{[%clk 0:18:54]} 32. Kh2 {[%clk 0:21:09]} Kf7 {[%clk 0:14:39]} 33. h4
{[%clk 0:21:05]} h6 {[%clk 0:11:39]} 34. Ra6 {[%clk 0:18:30]} Bd7
{[%clk 0:08:06]} 35. Kg3 {[%clk 0:18:11]} Rc3 {[%clk 0:07:07]} 36. Kf4
{[%clk 0:13:32]} Rc5 {[%clk 0:05:41]} 37. h5 {[%clk 0:10:22]} Ke7
{[%clk 0:06:05]} 38. Rg6 {[%clk 0:10:21]} Kf7 {[%clk 0:06:28]} 39. g3
{[%clk 0:09:23]} Kf8 {[%clk 0:03:07]} 40. Ra6 {[%clk 0:33:31]} Ke7
{[%clk 0:33:22]} 41. Rg6 {[%clk 0:31:31]} Kf8 {[%clk 0:30:49]} 42. c3
{[%clk 0:29:47]} Kf7 {[%clk 0:28:25]} 43. c4 {[%clk 0:30:01]} c6 {[%clk 0:27:46]}
44. Rd6 {[%clk 0:29:31]} Ke7 {[%clk 0:28:09]} 45. Rg6 {[%clk 0:29:55]} Kf7
{[%clk 0:28:33]} 1/2-1/2